Sports Quiz

Random Sports or WWE Quiz

Wrestlers with at least 10 matches on WWE Smackdown Quiz Stats

 Plays Quiz not verified by Sporcle

Score 0/196 Timer 15:00
0 Plays Today
Matches Wrestler % Correct
187The Undertaker
94.2%
105Triple H
92.8%
114John Cena
92.6%
269Kane
92.4%
208Edge
90.6%
109The Rock
90.3%
132Randy Orton
88.1%
279Rey Mysterio
85.8%
272The Big Show
85.3%
177Christian
84.9%
144Jeff Hardy
84.8%
263Matt Hardy
84.6%
194Chris Jericho
84.5%
30Stone Cold Steve Austin
83.2%
169Eddie Guerrero
82.7%
215Kurt Angle
81.9%
151Chavo Guerrero
81.4%
114Batista
80.7%
86C.M. Punk
79.7%
207Chris Benoit
79.7%
129John 'Bradshaw' Layfield
78.1%
49Brock Lesnar
76.6%
14Seth Rollins
75.5%
141Booker T
75.2%
104Bubba Ray Dudley
74.9%
118D-Von Dudley
74.8%
13Roman Reigns
74.7%
92The Miz
74%
48Spike Dudley
74%
119Mark Henry
73.6%
16Dean Ambrose
73%
16Trish Stratus
72.9%
131Dolph Ziggler
71.8%
83Billy Gunn
71.7%
101Cody Rhodes
71%
12Shane McMahon
70.7%
10Ric Flair
70.3%
91Daniel Bryan
70.2%
29Lita
69.6%
124John Morrison
69%
98Sheamus
68.6%
49Road Dogg
68.5%
77Rob Van Dam
68.2%
70Wade Barrett
67.1%
21Mick Foley
66.7%
99The Great Khali
66.1%
68X-Pac
65%
102Kofi Kingston
64.6%
15Hulk Hogan
63.7%
128Rikishi
63.1%
94Shelton Benjamin
63%
89Hardcore Holly
62.9%
114Tensai
62.7%
84Alberto Del Rio
62%
56Crash Holly
61.9%
16Molly Holly
61.8%
86Test
61.8%
58Ron Simmons
61.5%
61Heath Slater
61.4%
40Grand Master Sexay
60.8%
81William Regal
59.7%
125Fit Finlay
59.3%
132Montel Vontavious Porter
58.7%
83Jack Swagger
58.4%
36Ted DiBiase Jr.
58.4%
34Ryback
58%
Matches Wrestler % Correct
93Scotty 2 Hotty
57.9%
32Carlito
56.9%
10Umaga
56.6%
80Charlie Haas
55.8%
99Michelle McCool
55.1%
13The British Bulldog
54.8%
16Mickie James
53.9%
24Luther Reigns
53.7%
70Natalya
53%
78Layla El
52.8%
90R-Truth
52.6%
46Justin Gabriel
52.5%
62The Hurricane
52.4%
51Tyson Kidd
52.3%
52Bobby Lashley
51.7%
68Zack Ryder
51.1%
51Joey Mercury
51%
27David Hart Smith
50.8%
51Val Venis
50.5%
21Chyna
50.2%
39Santino Marella
49.6%
25Viscera
49.6%
55Mr. Kennedy
49.2%
39Torrie Wilson
48.9%
96Drew McIntyre
48.8%
56Rhyno
48.6%
83Yoshihiro Tajiri
48.5%
42The Godfather
48.4%
39Beth Phoenix
48.1%
20D'Lo Brown
47.7%
28Antonio Cesaro
47.6%
84Brian Kendrick
47.4%
37Perry Saturn
47.3%
29Dean Malenko
47.3%
36Darren Young
47.2%
26A.J. Lee
47%
73Paul London
46.9%
39Primo
46.4%
13Nikki Bella
46.2%
24Brie Bella
46.2%
20David Otunga
46.1%
41Tazz
45.6%
34Jimmy Uso
45.4%
25Raven
45.4%
37Sin Cara
45.4%
33Jey Uso
45.4%
26Melina
45.3%
98Jamie Noble
44.9%
44Ezekiel Jackson
44.4%
48Al Snow
43.7%
37Kelly Kelly
43.5%
16Curtis Axel
43.4%
19Epico
43.2%
21Hornswoggle
43.1%
70Billy Kidman
43%
29Titus O'Neil
42.9%
29Big Boss Man
42%
76Chuck Palumbo
41.7%
70Sho Funaki
41.1%
15Jillian Hall
41%
36Victoria
40.1%
54Orlando Jordan
39.7%
13Stevie Richards
39.6%
26Lance Storm
39.1%
48Curt Hawkins
38.9%
26Chris Masters
38.9%
Matches Wrestler % Correct
43Doug Basham
38.7%
42Danny Basham
38.7%
13Diamond Dallas Page
38.7%
22Road Warrior Animal
38.7%
42Deuce
38.4%
46Damien Sandow
38.4%
33Jinder Mahal
38.3%
30Ivory
38.2%
23Brodus Clay
36.9%
35Steve Blackman
36.4%
15Maven
35%
61Luke Gallows
34.7%
19Eve Torres
34.6%
41Vladimir Kozlov
34.4%
33Rene Dupree
34%
36Bull Buchanan
33.6%
31Alicia Fox
33.4%
24Jacqueline
32.9%
30Heidenreich
32.8%
13Fandango
31.9%
44Domino
31.6%
33Super Crazy
31.4%
45JTG
31%
16Rico Constantino
29.6%
60Nunzio
29.4%
14The Boogeyman
29.3%
19Mark Jindrak
29.1%
31Kaitlyn
29%
33Maryse
28.2%
26Shad Gaspard
27.8%
13Matt Morgan
27.3%
76Jimmy Wang Yang
27%
21Sylvain Grenier
26.8%
20Psicosis
26.7%
19Tamina Snuka
26.2%
12Dawn Marie
26.2%
27Hunico
26.1%
26Maria Kanellis
25.7%
66Shannon Moore
25.7%
11Taka Michinoku
25%
15Simon Dean
25%
10Chris Kanyon
23.1%
19Mike Knox
22.5%
14Yoshi Tatsu
22.1%
21Kenzo Suzuki
22.1%
15Dave Taylor
21.8%
21Tatanka
21.7%
10Tyler Reks
21.6%
32Slam Master J
21.2%
15Kid Kash
20%
10The Kat
19.4%
18Kenny Dykstra
19.3%
18Nidia
19.1%
11Ashley Massaro
18.6%
14Rosa Mendes
17.2%
19Paul Burchill
16.4%
13Aksana
16.1%
14Bill DeMott
15.7%
13Cherry
14.7%
23Vito LoGrosso
14.4%
25Johnny Stamboli
14.2%
11Kaval
10.6%
19Trent Barreta
9.4%
12Kristal Marshall
7.4%

You're not logged in!

Compare scores with friends on all Sporcle quizzes.
OR
Log In

You Might Also Like...

Show Comments

Extras

Curator's Pick May 14, 2013ReportNominate
Tags:WWE Quiz, diva, raw, smackdown, wrestlers, wrestling, WWF

Top Quizzes Today


Score Distribution

Your Account Isn't Verified!

In order to create a playlist on Sporcle, you need to verify the email address you used during registration. Go to your Sporcle Settings to finish the process.

Report this User

Report this user for behavior that violates our Community Guidelines.

Details: